[Event "56th Rubinstein Memorial D 2020"]
[Site "Polanica Zdroj"]
[Date "2020.08.19"]
[Round "5.19"]
[White "Ciborowski, Konrad Jr"]
[Black "Kolodziejski, Grzegorz"]
[Result "1-0"]
[WhiteElo "1405"]
[BlackElo "1550"]
[Annotator "NA RC"]
[PlyCount "123"]
[EventDate "2020.08.15"]
[EventType "swiss"]
[EventCountry "POL"]
[SourceTitle "playchess.com"]
[Source "ChessBase"]
[SourceQuality "1"]
[TimeControl "40/5400+30:1800+30"]

1. e4 {[%emt 0:00:00]} c5 {[%emt 0:00:00]} 2. Nf3 {[%emt 0:00:00]} Nc6 {[%emt 0:00:00]} 3. d4 {[%emt 0:00:00]} cxd4 {[%emt 0:00:19]} 4. Nxd4 {[%emt 0:00:00]} Nf6 {[%emt 0:00:41]} 5. Nc3 {[%emt 0:00:00]} e5 {[%emt 0:00:20]} 6. Ndb5 {[%emt 0:00:00]} d6 {[%emt 0:00:23]} 7. Nd5 {[%emt 0:00:00]} Nxd5 {[%emt 0:00:51]} 8. exd5 {[%emt 0:00:00]} Nb8 {[%emt 0:00:16]} 9. c4 {[%emt 0:00:03]} Be7 {[%emt 0:00:16]} 10. Be3 {[%emt 0:04:34]} a6 {[%emt 0:01:31]} 11. Nc3 {[%emt 0:00:04]} O-O {[%emt 0:01:43]} 12. f3 {[%emt 0:00:55]} f5 {[%emt 0:01:22]} 13. Bd3 {[%emt 0:00:48]} Bg5 {[%emt 0:04:28]} 14. Bf2 {[%emt 0:00:06]} Nd7 {[%emt 0:00:35]} 15. O-O {[%emt 0:00:27]} Qf6 {[%emt 0:01:58]} 16. Na4 {[%emt 0:08:30]} Qh6 17. Qc2 Qf6 {[%emt 0:05:56]} 18. b4 {[%emt 0:01:40]} Bh6 {[%emt 0:01:51]} 19. c5 {[%emt 0:00:50]} b5 {[%emt 0:00:58]} 20. Nc3 {[%emt 0:06:46]} Qf7 {[%emt 0:02:37]} 21. c6 {[%emt 0:01:29]} Nf6 {[%emt 0:00:12]} 22. Bxf5 {[%emt 0:00:20]} Bxf5 {[%emt 0:01:03]} 23. Qxf5 {[%emt 0:00:13]} Bd2 {[%emt 0:00:08]} 24. Ne4 {[%emt 0:01:31]} Qxd5 {[%emt 0:00:57]} 25. Nxd2 {[%emt 0:02:22]} Qxd2 {[%emt 0:00:08]} 26. Rfd1 {[%emt 0:00:30]} Qxb4 {[%emt 0:00:08]} 27. Qe6+ {[%emt 0:00:04]} Kh8 {[%emt 0:00:12]} 28. Qxd6 {[%emt 0:00:10]} Qxd6 {[%emt 0:00:28]} 29. Rxd6 {[%emt 0:00:04]} e4 {[%emt 0:00:11]} 30. c7 {[%emt 0:06:29]} exf3 {[%emt 0:03:37]} 31. gxf3 {[%emt 0:00:19]} Ne8 {[%emt 0:00:14]} 32. Rc6 {[%emt 0:00:31]} Rc8 {[%emt 0:00:45]} 33. Re1 {[%emt 0:02:08]} Kg8 {[%emt 0:01:59]} 34. Bc5 {[%emt 0:00:20]} Rxc7 {[%emt 0:01:34]} 35. Rxe8 {[%emt 0:01:09]} Rxe8 {[%emt 0:00:09]} 36. Rxc7 {[%emt 0:00:04]} Re2 {[%emt 0:00:12]} 37. a3 {[%emt 0:00:44]} a5 {[%emt 0:01:01]} 38. Ra7 {[%emt 0:00:46]} b4 {[%emt 0:00:04]} 39. axb4 axb4 {[%emt 0:00:06]} 40. Bxb4 {[%emt 0:00:11]} Rc2 {[%emt 0:00:10]} 41. Rd7 {[%emt 0:31:18]} h6 {[%emt 0:30:27]} 42. Bd2 {[%emt 0:00:13]} Kh7 {[%emt 0:00:24]} 43. Kg2 {[%emt 0:00:06]} Kg6 {[%emt 0:00:04]} 44. Kg3 {[%emt 0:00:04]} Kh5 {[%emt 0:00:12]} 45. Bb4 {[%emt 0:03:31]} g6 {[%emt 0:01:50]} 46. Rd8 {[%emt 0:02:22]} g5 {[%emt 0:02:21]} 47. Bf8 {[%emt 0:00:15]} Rc6 {[%emt 0:00:32]} 48. Rd6 {[%emt 0:00:06]} Rxd6 {[%emt 0:00:08]} 49. Bxd6 {[%emt 0:00:05]} Kg6 {[%emt 0:00:11]} 50. Kg4 {[%emt 0:03:53]} h5+ {[%emt 0:00:16]} 51. Kg3 {[%emt 0:00:02]} Kf5 {[%emt 0:00:13]} 52. Be7 {[%emt 0:00:26]} h4+ {[%emt 0:00:42]} 53. Kf2 {[%emt 0:00:06]} Kf4 {[%emt 0:00:24]} 54. Bd6+ {[%emt 0:00:19]} Kf5 {[%emt 0:00:06]} 55. h3 {[%emt 0:00:54]} Ke6 {[%emt 0:00:09]} 56. Bb8 {[%emt 0:00:12]} Kf6 {[%emt 0:00:11]} 57. Ke3 {[%emt 0:00:04]} Kf5 {[%emt 0:00:07]} 58. Bc7 {[%emt 0:00:05]} Kf6 {[%emt 0:00:15]} 59. Ke4 {[%emt 0:00:04]} Kg6 {[%emt 0:00:07]} 60. Ke5 {[%emt 0:00:08]} Kh6 {[%emt 0:00:13]} 61. Kf5 {[%emt 0:00:06]} Kh5 {[%emt 0:00:17]} 62. Bd8 {[%emt 0:00:07]} 1-0

[Event "56th Rubinstein Memorial D 2020"]
[Site "Polanica Zdroj"]
[Date "2020.08.19"]
[Round "5.20"]
[White "Perek, Oskar"]
[Black "Zyla, Tomasz"]
[Result "0-1"]
[WhiteElo "1447"]
[BlackElo "1543"]
[Annotator "NA RC"]
[PlyCount "80"]
[EventDate "2020.08.15"]
[EventType "swiss"]
[EventCountry "POL"]
[SourceTitle "playchess.com"]
[Source "ChessBase"]
[SourceQuality "1"]
[TimeControl "40/5400+30:1800+30"]

1. e4 {[%emt 0:00:00]} c5 {[%emt 0:00:00]} 2. b4 {[%emt 0:00:00]} cxb4 {[%emt 0:00:47]} 3. d4 {[%emt 0:00:03]} d6 {[%emt 0:01:41]} 4. a3 {[%emt 0:00:40]} bxa3 {[%emt 0:01:09]} 5. c3 {[%emt 0:00:14]} g6 {[%emt 0:02:14]} 6. Nxa3 {[%emt 0:03:03]} Bg7 {[%emt 0:00:38]} 7. Nf3 {[%emt 0:01:23]} Nf6 {[%emt 0:01:11]} 8. Bd3 {[%emt 0:01:37]} Nc6 {[%emt 0:01:35]} 9. Bd2 {[%emt 0:02:35]} O-O {[%emt 0:00:31]} 10. h3 {[%emt 0:01:53]} e5 {[%emt 0:07:18]} 11. d5 {[%emt 0:00:30]} Ne7 {[%emt 0:00:30]} 12. Qc2 {[%emt 0:00:30]} Nd7 13. g4 Nc5 14. Bg5 {[%emt 0:07:18]} f6 {[%emt 0:01:30]} 15. Bh4 {[%emt 0:01:19]} a6 {[%emt 0:01:11]} 16. Rg1 {[%emt 0:02:24]} Bd7 {[%emt 0:01:43]} 17. Qd1 {[%emt 0:03:06]} Qa5 {[%emt 0:03:51]} 18. Ke2 {[%emt 0:02:22]} Qxc3 {[%emt 0:03:54]} 19. Nc4 {[%emt 0:00:34]} Bb5 {[%emt 0:03:44]} 20. Rc1 {[%emt 0:01:05]} Qxd3+ {[%emt 0:00:31]} 21. Qxd3 {[%emt 0:00:06]} Nxd3 {[%emt 0:00:06]} 22. Kxd3 {[%emt 0:00:44]} Rac8 {[%emt 0:00:33]} 23. Nfd2 {[%emt 0:00:38]} Bh6 {[%emt 0:00:23]} 24. g5 {[%emt 0:00:57]} fxg5 {[%emt 0:00:15]} 25. Rxg5 {[%emt 0:00:45]} Rf7 {[%emt 0:09:43]} 26. f3 {[%emt 0:01:25]} Bxg5 {[%emt 0:01:54]} 27. Bxg5 {[%emt 0:00:22]} Kg7 {[%emt 0:01:31]} 28. Ke3 {[%emt 0:00:48]} Bxc4 {[%emt 0:03:29]} 29. Rxc4 {[%emt 0:00:21]} Rxc4 {[%emt 0:00:10]} 30. Nxc4 {[%emt 0:00:09]} Nc8 {[%emt 0:00:19]} 31. Na5 {[%emt 0:00:51]} h6 {[%emt 0:00:13]} 32. Bh4 {[%emt 0:00:54]} g5 {[%emt 0:02:41]} 33. Be1 {[%emt 0:00:13]} Kf8 {[%emt 0:00:17]} 34. Bb4 {[%emt 0:00:43]} Ke8 {[%emt 0:00:16]} 35. Nc4 {[%emt 0:00:32]} Kd7 {[%emt 0:00:20]} 36. Bxd6 {[%emt 0:00:45]} Nxd6 {[%emt 0:00:25]} 37. Nxe5+ {[%emt 0:00:14]} Ke7 {[%emt 0:00:13]} 38. Nxf7 {[%emt 0:00:23]} Nxf7 {[%emt 0:00:10]} 39. Kd4 {[%emt 0:00:14]} Kd6 {[%emt 0:00:13]} 40. h4 {[%emt 0:00:33]} b5 {[%emt 0:00:29]} 0-1

[Event "56th Rubinstein Memorial D 2020"]
[Site "Polanica Zdroj"]
[Date "2020.08.20"]
[Round "6.1"]
[White "Szczygiel, Konrad"]
[Black "Simon, Marek"]
[Result "1/2-1/2"]
[WhiteElo "1901"]
[BlackElo "1878"]
[Annotator "TA"]
[PlyCount "65"]
[EventDate "2020.08.15"]
[EventType "swiss"]
[EventCountry "POL"]
[SourceTitle "playchess.com"]
[Source "ChessBase"]
[SourceQuality "1"]

{[%evp 10,65,-2,-12,-2,-10,-14,-22,10,13,24,0,5,-5,0,-4,0,-6,14,16,30,-15,-7,0,45,45,35,30,35,32,36,28,45,20,20,20,24,20,33,26,27,33,32,24,36,41,29,33,83,84,115,26,25,6,6,-550,0,0]} 1. d4 Nf6 2. c4 e6 3. Nc3 Bb4 4. Qc2 d5 5. e3 O-O 6. Bd3 dxc4 {E34: Nimzo-Indian: Classical: 4...d5.} 7. Bxc4 c5 8. a3 cxd4 9. axb4 {[#] Hoping for exd4.} dxc3 10. bxc3 Qc7 11. Bd3 e5 12. e4 Be6 13. Ne2 Bc4 14. O-O {[#]} Rc8 $146 ({Predecessor:} 14... Nbd7 15. Be3 Rfd8 16. Bxc4 Qxc4 17. f3 Nb6 18. Ra5 Nfd7 19. Rfa1 Qc7 20. Rxa7 Rxa7 21. Rxa7 {0-1 (29) Yilmaz,B-Blum,N (2224) Kemer 2007}) 15. Kh1 Bxd3 16. Qxd3 Qc4 17. Qxc4 Rxc4 18. f3 a5 19. bxa5 b6 20. a6 Rxa6 21. Be3 (21. Rd1 {is interesting.} h6 22. Rxa6 Nxa6 23. Kg1 Nc5 24. Ba3) 21... Rxa1 22. Rxa1 Nfd7 23. Ra8 Rc6 24. Kg1 f6 25. Kf1 Kf7 26. Ke1 Rd6 27. Nc1 Nc6 28. Ke2 Ke7 29. Nd3 b5 30. Nc5 ({Better is} 30. Ra2 $16) 30... Nb6 $1 $11 {[%cal Rb6a8]} 31. Ra6 {Strongly threatening Nb7.} Nc4 32. Nb7 $2 {[%mdl 8192] [#]} (32. Bc1 $11) 32... Rd7 $2 ({Black should try} 32... Nd4+ $1 $19 {[%mdl 512]} 33. Bxd4 (33. cxd4 Rxa6) 33... Rxa6) 33. Rxc6 {Accuracy: White = 69%, Black = 79%.} 1/2-1/2

[Event "56th Rubinstein Memorial D 2020"]
[Site "Polanica Zdroj"]
[Date "2020.08.20"]
[Round "6.2"]
[White "Gromczak, Dariusz"]
[Black "Podgorski, Maciej"]
[Result "0-1"]
[WhiteElo "1785"]
[BlackElo "1810"]
[Annotator "NA RC"]
[PlyCount "85"]
[EventDate "2020.08.15"]
[EventType "swiss"]
[EventCountry "POL"]
[SourceTitle "playchess.com"]
[Source "ChessBase"]
[SourceQuality "1"]
[TimeControl "40/5400+30:1800+30"]

{[%evp 8,81,28,30,41,26,40,29,53,53,93,21,28,26,293,318,412,417,422,375,382,335,362,247,231,275,286,262,270,231,260,193,260,239,267,178,155,178,264,238,286,238,197,197,926,987,32767,250,498,539,522,522,577,454,481,477,485,465,820,584,543,500,989,1104,1646,581,772,496,490,501,479,523,516,563,519,545]} 1. e4 {[%emt 0:00:00]} c5 {[%emt 0:00:00]} 2. Nc3 {[%emt 0:00:00]} Nc6 {[%emt 0:00:34]} 3. Bb5 {[%emt 0:00:45]} g6 {[%emt 0:01:23]} 4. Bxc6 {[%emt 0:07:08]} dxc6 {[%emt 0:01:00]} 5. d3 {[%emt 0:00:59]} Bg7 {[%emt 0:00:45]} 6. Be3 {[%emt 0:02:36]} b6 {[%emt 0:01:37]} 7. f4 {[%emt 0:02:38] B23: Closed Sicilian: Lines without g3.} Nh6 {[%emt 0:04:12]} 8. h3 {[%emt 0:01:49] [#]} e5 $146 {[%emt 0:02:31]} ({Predecessor:} 8... Bd4 9. Qd2 f5 10. Nf3 Be6 11. O-O-O Qd7 12. Ne2 Bxe3 13. Qxe3 O-O-O 14. d4 fxe4 15. dxc5 {1-0 (30) Abergel,T (2521)-Frank,W (1998) Bad Wiessee 2010}) 9. Nf3 {[%emt 0:02:18]} exf4 {[%emt 0:00:38]} 10. Bxf4 {[%emt 0:00:30]} O-O $2 {[%emt 0:01:33]} (10... f6 $14) 11. Qd2 {[%emt 0:01:00]} g5 {[%emt 0:01:37]} (11... Nf5 $142 12. exf5 Re8+ 13. Kf2 Bxf5) 12. Bxg5 {[%emt 0:03:16]} Qd6 {[%emt 0:00:09]} 13. O-O {[%emt 0:12:55]} f5 {[%emt 0:08:08] [#]} 14. e5 $1 {[%emt 0:02:25]} Qe6 {[%emt 0:02:01]} 15. Rae1 {[%emt 0:06:24]} Nf7 {[%emt 0:00:22]} 16. Bf4 {[%emt 0:00:56]} Ba6 {[%emt 0:00:31]} 17. b3 {[%emt 0:03:51]} Kh8 {[%emt 0:00:40]} 18. Qf2 {[%emt 0:05:24]} Rad8 {[%emt 0:03:07]} 19. Re2 {[%emt 0:04:47]} Rg8 {[%emt 0:00:35]} 20. Rfe1 {[%emt 0:01:06]} Bf8 {[%emt 0:00:34]} 21. Qh4 {[%emt 0:04:02]} Be7 {[%emt 0:02:06]} 22. Qh5 {[%emt 0:00:38]} c4 {[%emt 0:02:21]} (22... Rde8 $142 23. a4 Rg7) 23. bxc4 {[%emt 0:01:12]} Bb4 {[%emt 0:00:46]} 24. Ng5 {[%emt 0:04:02]} Nxg5 {[%emt 0:01:47]} 25. Bxg5 {[%emt 0:00:03]} Bxc3 $2 {[%emt 0:00:34]} (25... Rdf8) 26. Bf6+ $1 {[%emt 0:00:53]} Rg7 {[%emt 0:01:51]} 27. Bxd8 $2 {[%emt 0:01:04]} (27. Bxg7+ Kg8 28. Qg5 Bxe1 29. Bf6+ {[%mdl 64] Discovered Attack} Kf8 30. Qg7+ {[%mdl 64] Double Attack} Ke8 31. Qh8+ Kf7 32. Qg7+ Ke8 33. Rxe1) 27... Kg8 $2 {[%emt 0:00:55]} (27... Bxe1 28. Rxe1 Rg6) 28. Bf6 {[%emt 0:04:07]} Rg6 {[%emt 0:00:09]} 29. Rf1 {[%emt 0:00:24]} Bc8 {[%emt 0:00:32]} 30. Qf3 {[%emt 0:00:46]} Bd7 {[%emt 0:05:04]} 31. Kh1 {[%emt 0:00:30]} Bd4 {[%emt 0:00:54]} 32. Bd8 {[%emt 0:03:34]} Rh6 {[%emt 0:04:46]} (32... Qe8 $142 33. Bf6 Be6) 33. Bg5 {[%emt 0:01:17]} Rg6 {[%emt 0:01:05]} 34. Bf6 {[%emt 0:02:09]} Rh6 {[%emt 0:07:25] [#]} (34... Bc8 $142 35. Qh5 Bc5) 35. Qf4 $1 {[%emt 0:00:43] Double Attack} Rxf6 {[%emt 0:01:15]} 36. Qxd4 {[%emt 0:00:05]} (36. exf6 $142 Qxf6 {[#]} 37. Qc7 $1 {[%mdl 576] Double Attack}) 36... Rg6 {[%emt 0:02:18]} 37. Qd6 {[%emt 0:01:15]} Qxd6 {[%emt 0:01:40]} 38. exd6 {[%emt 0:00:03]} Rxd6 {[%emt 0:00:08]} 39. Re7 {[%emt 0:00:44]} h5 {[%emt 0:00:43]} 40. Kg1 {[%emt 0:00:49]} c5 {[%emt 0:00:19]} 41. Rf3 $18 {[%emt 0:31:03]} Ba4 {[%emt 0:31:59]} 42. Rxf5 {[%emt 0:01:02]} Bxc2 {[%emt 0:00:05]} 43. Rd5 {[%emt 0:00:34]} 0-1

[Event "56th Rubinstein Memorial D 2020"]
[Site "Polanica Zdroj"]
[Date "2020.08.20"]
[Round "6.3"]
[White "Kalkowski, Igor"]
[Black "Darowicki, Mariusz"]
[Result "1-0"]
[WhiteElo "1747"]
[BlackElo "1950"]
[Annotator "TA"]
[PlyCount "46"]
[EventDate "2020.08.15"]
[EventType "swiss"]
[EventCountry "POL"]
[SourceTitle "playchess.com"]
[Source "ChessBase"]
[SourceQuality "1"]

{[%evp 9,46,2,5,0,9,5,4,-11,27,-292,-309,-314,-304,-298,-308,-294,-294,-519,-514,-497,-400,-398,-406,-401,-396,-412,-378,-360,-358,-422,-404,-528,-468,-463,-437,-562,-561,-735,-629]} 1. d4 Nf6 2. c4 e6 3. Nc3 Bb4 4. Nf3 O-O 5. Bf4 d5 6. e3 {E21: Nimzo-Indian: 4 Nf3.} c5 7. dxc5 Qa5 8. Qc2 {The position is equal.} ({But not} 8. cxd5 Nxd5 9. a3 Bxc3+ 10. bxc3 Nxf4 $17) 8... Ne4 {[%cal Re4c3] [#]} 9. cxd5 $146 {[%mdl 8192] [#]} (9. Bd3 $11 {and White has nothing to worry.}) ({Predecessor:} 9. Rc1 Bxc3+ 10. bxc3 Qxc5 11. Bd3 f5 12. O-O Nc6 13. cxd5 exd5 14. Nd4 Nxd4 15. cxd4 Qxc2 16. Rxc2 {0-1 (48) Berdote Alonso,C (1879)-Troffiguer,O (2081) San Sebastian 2019}) 9... Nxc3 $19 10. Bd3 Nxd5+ 11. Kf1 Qxc5 12. Bxh7+ Kh8 13. Qb1 $2 {[#]} (13. a3 Qxc2 14. Bxc2) 13... Nxf4 14. exf4 Qc4+ 15. Bd3 Qxf4 16. h4 e5 17. h5 {White hopes to continue with Rh4.} Qh6 18. Nxe5 Nc6 19. Nf3 Be7 20. Nh4 Bxh4 {Black is clearly winning.} 21. Rxh4 Ne5 22. Be4 f5 23. Bc2 Be6 {[%mdl 32768] White got outplayed after the opening. Accuracy: White = 49%, Black = 88%. . Loss on time!?} 1-0

[Event "56th Rubinstein Memorial D 2020"]
[Site "Polanica Zdroj"]
[Date "2020.08.20"]
[Round "6.4"]
[White "Wawrzyniak, Pawel"]
[Black "Lukasiewicz, Aleksander"]
[Result "1/2-1/2"]
[WhiteElo "1824"]
[BlackElo "1960"]
[Annotator "TA"]
[PlyCount "81"]
[EventDate "2020.08.15"]
[EventType "swiss"]
[EventCountry "POL"]
[SourceTitle "playchess.com"]
[Source "ChessBase"]
[SourceQuality "1"]

{[%evp 13,81,15,13,11,11,0,18,19,50,0,0,17,10,7,8,-4,51,0,0,0,16,40,6,0,250,87,96,89,294,279,275,271,272,0,0,0,0,0,0,0,0,0,194,10,190,27,27,33,50,56,122,0,0,0,0,0,0,0,0,0,0,0,0,0,0,0,0,0,0,0]} 1. d4 d5 2. c4 e6 3. Nc3 Be7 4. Nf3 Nf6 5. Bf4 O-O 6. e3 b6 7. cxd5 Nxd5 8. Nxd5 {D37: Queen's Gambit Declined: 5 Bf4.} Qxd5 9. Bxc7 {9.Be2 gains popularity.} Qa5+ 10. Nd2 $1 Bb7 {[#]} 11. f3 $146 ({Predecessor:} 11. Bd3 Na6 12. Bf4 Nb4 13. Be2 Bxg2 14. Rg1 Rfc8 15. Rxg2 Nc2+ 16. Kf1 Nxa1 17. Bd3 Qxa2 {1-0 (27) Mesaros,F (2421)-Haas,M (2029) Graz 2017}) 11... Nc6 12. Kf2 $1 Rac8 13. Bg3 Rfd8 14. Bd3 Bf6 (14... Nb4 $11 15. Bc4 Bg5) 15. Nc4 ({Better is} 15. Ne4 $14) 15... Qd5 $11 16. Rc1 $1 {Be4 is the strong threat.} Bxd4 {Hoping for ...Bc5.} 17. Be4 $36 {[%mdl 2112] Zwischenzug. White has the initiative.} ({Don't play} 17. exd4 Qxd4+ 18. Ke2 Nb4 $15) 17... Qc5 18. Qe2 Qb4 $2 (18... Ba6 $1 $11 {and Black stays safe.}) 19. exd4 $2 (19. Bxc6 $18 Rxc6 20. exd4) 19... Nxd4 $16 {[#]} 20. Qe1 $1 {[%cal Re1b4]} Qc5 $2 (20... Rxc4 $16 {was necessary.} 21. b3 Qxe1+ 22. Rcxe1 Bxe4 23. bxc4 Bc6) 21. Qe3 ({Not} 21. Bxb7 Nc2+ 22. Ne3 Nxe1 $14) 21... Bxe4 22. fxe4 {And now Bd6! would win.} Qb4 23. Bd6 $2 (23. b3 $18 f6 24. Rhd1) 23... Rxd6 $11 24. Nxd6 {[%cal Rc1c8]} Qxb2+ 25. Kg3 {[%cal Rc1c8]} Rxc1 26. Rxc1 Qxc1 27. Qxd4 Qe1+ $2 (27... Qa3+ $11 {and Black is okay.} 28. Kh4 Qxa2) 28. Kh3 $2 (28. Qf2 $18 Qc3+ 29. Qf3 Qe5+ 30. Qf4 Qc3+ 31. Qf3 Qe5+ 32. Qf4 Qc3+ 33. Qf3) 28... Qa5 $2 (28... g5 $1 $11 {and Black has nothing to worry.} 29. g3 Qf1+ 30. Kg4 f6) 29. Nc8 $2 (29. e5 $18) 29... Qh5+ 30. Kg3 {[%cal Rd4d8]} Qg5+ 31. Kf3 h5 {[#]} (31... Qh5+ $14 32. Kf2 Qh4+ 33. Kf1 Qf4+ 34. Ke2 Qg4+ 35. Ke1 h6) 32. Nxa7 (32. e5 $1 $16) 32... Qg4+ $1 {The position is equal.} 33. Kf2 {aiming for g3.} Qf4+ 34. Ke2 Qxh2 35. Kf1 Qf4+ 36. Ke2 Qg4+ 37. Kf1 Qf4+ 38. Ke2 Qg3 39. Kf1 Qf4+ 40. Ke2 Qg3 41. Kf1 {Accuracy: White = 64%, Black = 69%.} 1/2-1/2

[Event "56th Rubinstein Memorial D 2020"]
[Site "Polanica Zdroj"]
[Date "2020.08.20"]
[Round "6.5"]
[White "Szczygiel, Jakub"]
[Black "Szydelko, Michal"]
[Result "1-0"]
[WhiteElo "1802"]
[BlackElo "1910"]
[Annotator "TA"]
[PlyCount "155"]
[EventDate "2020.08.15"]
[EventType "swiss"]
[EventCountry "POL"]
[SourceTitle "playchess.com"]
[Source "ChessBase"]
[SourceQuality "1"]

{[%evp 11,155,0,16,-39,-39,-31,-35,-30,-29,-28,-33,-105,-104,-104,-93,-111,-92,-104,0,0,0,-186,-70,-75,39,11,16,13,94,5,30,4,4,5,390,354,433,440,481,481,417,198,419,430,417,415,388,381,373,382,320,194,206,173,170,178,165,55,55,28,252,28,239,226,199,188,252,252,252,215,215,215,252,252,252,240,233,168,224,121,107,0,168,168,199,55,168,55,331,330,299,292,1027,942,3410,2539,1319,264,296,289,281,261,227,183,188,189,342,314,284,0,259,143,143,143,849,206,29968,29966,29971,29973,29971,29974,29971,29975,29969,29972,29967,29966,29983,29984,29986,29987,29987,29988,29988,29989,29989,29990,29991,29992,29992,29993,29994,29994,29994,29993]} 1. d4 d5 2. c4 e6 3. Nc3 Nf6 4. Nf3 Be7 5. e3 O-O 6. Bd3 b6 7. e4 {D37: Queen's Gambit Declined: 5 Bf4.} (7. cxd5 $11 exd5 8. O-O) 7... dxe4 $15 8. Nxe4 Bb7 9. Nxf6+ {Black is slightly better.} Bxf6 {[#]} 10. h4 $146 ({Predecessor:} 10. Bc2 Nd7 11. Qd3 g6 12. h4 e5 13. Ng5 exd4 14. h5 Bxg5 15. hxg6 Qe7+ 16. Kf1 fxg6 {0-1 (28) Musfica Zannat,S (1276)-Sharmin,S (1865) Dhaka 2019}) 10... Re8 11. Bxh7+ (11. Qc2 $15) 11... Kxh7 $17 12. Ng5+ Kg8 13. Qh5 Qd7 {White must now prevent ...Nc6.} 14. Be3 Kf8 (14... Bxg2 $2 15. Rg1 $19) (14... Nc6 $17 15. O-O-O Na5) 15. O-O-O $11 Ke7 {And now ...Rf8 would win.} 16. Nxf7 $2 (16. d5 $1 $11 {and White stays safe.} exd5 17. Rhe1) 16... Rf8 (16... Qa4 $1 $19 {[%cal Ra4c4]} 17. Ng5 Qxc4+ 18. Kb1 Na6) 17. Ne5 $15 Qe8 (17... Qa4 $1 $17 {aiming for ...Be4!} 18. Ng6+ Kf7 19. Nxf8+ Kxf8 20. Qh8+ Kf7 21. Qh5+ Kg8) 18. Ng6+ {[%mdl 1024] White has compensation.} Kd8 19. d5 e5 (19... Nd7 $1 $11 {remains equal.}) 20. Rhe1 (20. g4 $16) 20... Nd7 $11 21. f4 Qf7 22. g4 Kc8 $2 {[%mdl 8192]} (22... Re8 $11) 23. Nxf8 Qxh5 24. gxh5 Nxf8 25. fxe5 Bxe5 {[#]} 26. Bg5 (26. Bxb6 $142 $1 {[%mdl 512]} axb6 27. Rxe5) 26... Bd6 $2 (26... Nd7 {is a better defense.} 27. Re3 Ba6) 27. Rf1 $18 Ba6 28. b3 b5 {[#]} 29. c5 $1 {[%mdl 512]} Bxc5 30. Rf7 b4 {intending ...Be2.} 31. d6 (31. Rxg7 Be2 $16) 31... Bxd6 {[#]} 32. Rxd6 $1 {[%mdl 512]} cxd6 33. Rxf8+ Kb7 34. Rxa8 (34. Rf7+ $18 Kc6 35. Rxg7) 34... Kxa8 {[%mdl 4096] Endgame KB-KB} 35. Kd2 Kb7 $2 {[#]} (35... Bb5 $11) 36. Be7 $2 ({Only move:} 36. Bf6 $1 $18 {[%cal Rf6g7][%mdl 512]} Kc6 (36... gxf6 37. h6) 37. Bxg7) 36... Kc6 $2 (36... Bb5 $1 $11) 37. Bf8 Bc8 38. Bxg7 Kd5 (38... Bf5 $142 39. Bd4 a6) 39. Ke3 Bf5 40. Bd4 $1 Bb1 41. h6 ({Resist} 41. Bxa7 $6 Bxa2 42. h6 Bb1 $16) 41... a6 42. Bb6 Kc6 43. Ba5 Kb5 44. Bc7 Kc6 45. Bb8 (45. Bd8 $18) 45... Kd5 46. Bc7 (46. Kd2 $16) 46... Kc6 $1 {[%cal Rc6c7]} 47. Bd8 $1 Kd5 48. Bf6 ({Better is} 48. Ba5 $18) 48... Kc5 ({Black should play} 48... Ke6 $1 $14 49. Bd8 Kf7) 49. Kf4 (49. Bg5 $1 $18) 49... Bc2 $2 {[%mdl 8192]} (49... Kd5 $1 $14) 50. Bd8 Kd5 51. Ba5 Kc5 $2 (51... Ke6 52. Bxb4 Bb1) 52. Kg5 d5 53. Kf6 d4 54. Kg7 $2 (54. Bd8 Kd6 55. Kg7) 54... d3 55. h7 d2 {...Bxh7! is the strong threat.} 56. h8=Q {Intending Qc8+ and mate.} d1=Q {Threatens to win with ...Qd4+.} 57. Qf8+ Kd5 {( -> ...Qg4+)} 58. Qd8+ Kc6 $2 (58... Ke5) 59. Qc7+ Kd5 60. Qd8+ Kc6 $1 {[#]} 61. Qxd1 (61. Qc8+ $1 $18 Kd5 62. Qc4+ {[%mdl 64] Double Attack} Kd6 63. Qxa6+ (63. Bxb4+ Ke5 $18) 63... Ke5 64. Qf6+ Kd5 65. Qf7+ (65. Bxb4 Qg4+ 66. Qg5+ Bf5 $18) 65... Ke4 66. Qe6+ (66. Bxb4 Qd4+ 67. Kf8 Qh8+ 68. Qg8 Qf6+ 69. Ke8 Qc6+ 70. Kf7 Qd5+ 71. Kf8 Qd8+ 72. Kf7 Qd5+ 73. Kf8 Qd8+ 74. Kg7 Qxg8+ 75. Kxg8 Kf5 $18) 66... Kd3 67. Qf5+ Kc3 68. Qe5+ Kd3 69. h5 Qg4+ 70. Kf8) 61... Bxd1 $16 62. Bxb4 $18 {KB-KB} Kb5 $2 {[%mdl 8192]} (62... Kd5 $16 63. Kf6 Bf3) 63. Bc3 $2 (63. Bd2 {Strongly threatening Kg6.} Kc6 64. Kg6 Bc2+ 65. Kh6) 63... a5 $2 {[#]} (63... Kc5 $18 64. Kg6 Bc2+ 65. Kh6 Bd3) 64. Bxa5 $1 {[%mdl 512] White mates.} Kxa5 {KB-K3P} 65. Kf6 Kb4 {[#]} 66. Kg5 $1 Ka3 67. h5 Be2 68. h6 Bd3 69. Kf6 Kxa2 {KB-KPP} 70. b4 Ka3 {[#]} 71. b5 $1 {[%cal Rb5b6][%mdl 576] Deflection, Promotion} Bxb5 {KB-KP} 72. h7 Kb4 73. h8=Q Kc5 74. Ke5 Bc6 {[#]} 75. Qc8 $1 Kb5 76. Kd6 Bg2 77. Qc5+ Ka4 78. Qc2+ {Accuracy: White = 53%, Black = 49%.} 1-0